000 00966nam a22002897a 4500
001 BR7405808
003 BR-BrBNA
005 20230928084621.0
007 ta
008 230509b bl.||||| |||| 00| 0 por d
040 _aBR-BrBNA
_bpor
_cBiblioteca Nacional de Agricultura
041 _a(Por)
072 _aL10
_b5213
_b/G514
090 _ 5213 BR7405808
110 1 _aDepartamento Nacional da Producao Animal, Brasilia, DF (Brasil). Div. para Animais de Grande Porte
245 1 _aProjeto a ser desenvolvido em 1975 pela Associacao do Registro Genealogico Sul Rio Grandense [Gado de corte; Brasil]
260 3 _aPelotas, RS (Brasil):
_bAssociacao do Registro Genealogico Sul Rio Grandense,
_c1974.
300 _a8 p.
500 _aNumerical data
650 _aGADO DE CORTE
650 _aREGISTRO GENEALOGICO
650 _aTESTE DE PROGENIE
650 _aPESO
650 _aRIO GRANDE DO SUL
909 _a202309
_bLucia
_c55
_dLucia Elande
942 _cBK
999 _c20109
_d20109